| 000 | 00401cam a2200181ua 4500 | ||
|---|---|---|---|
| 020 | _c1.25 | ||
| 041 |
_amal _h |
||
| 082 |
_a894.8127 _bVIK/ON |
||
| 100 | _aVikraman, . | ||
| 245 |
_aOnnam-class / _cVikraman. _hTextual Documents |
||
| 250 |
_a1 / _b. |
||
| 260 |
_a : _bVikraman , _c1960. |
||
| 300 | _a95 ; . | ||
| 365 | _a1.25 | ||
| 504 | _a | ||
| 942 | _cBK | ||
| 999 |
_c11615 _d11615 |
||